|
|
|
|
| LEADER |
00000cam a2200000 7i4500 |
| 001 |
0000007405 |
| 005 |
20151222.0 |
| 008 |
070830 |
| 020 |
|
|
|a 9833272347(set)
|
| 020 |
|
|
|a 983327238X
|
| 090 |
0 |
0 |
|a JF
|b HEA MAL (8597)
|
| 100 |
0 |
|
|a Mohd Syahrul Hanafi
|
| 245 |
0 |
0 |
|a Penyakit dan pencegahan 1
|c Mohd Syahrul Hanafi
|
| 260 |
|
|
|a Selangor :
|b Penapro Sdn Bhd ,
|c 2006
|
| 440 |
|
|
|a Siri penjagaan kesihatan
|
| 500 |
|
|
|a Children ages 7-9 years old (orange)
|
| 650 |
|
0 |
|a Health
|x Juvenile literature
|
| 999 |
|
|
|a 0000946167
|b Book
|c Children Collection
|e Cawangan Taman Sri Lambak
|
| 999 |
|
|
|a 0000946168
|b Book
|c Children Collection
|e Cawangan Taman Sri Lambak
|
| 999 |
|
|
|a 0000946169
|b Book
|c Children Collection
|e Cawangan Taman Sri Lambak
|
| 999 |
|
|
|a 0000990085
|b Book
|c Children Collection
|e Perbadanan Perpustakaan Awam Johor
|
| 999 |
|
|
|a 0000990086
|b Book
|c Children Collection
|e Perbadanan Perpustakaan Awam Johor
|
| 999 |
|
|
|a 0000990087
|b Book
|c Children Collection
|e Cawangan Pontian
|